| 000 | 00820nam a2200229 i 4500 | ||
|---|---|---|---|
| 001 | 188627 | ||
| 003 | ES-MaACL | ||
| 005 | 20250824081508.0 | ||
| 007 | t| | ||
| 008 | 190115s1964 sp ||||1| spa d | ||
| 100 | 1 |
_aUnamuno, Miguel de, _d1864-1936 _9111982 |
|
| 245 | 1 | 3 |
_aEl otro _b: misterio en tres jornadas y un epílogo / _cMiguel de Unamuno ; textos del Dr. Antonio Colodrón, José Sanchís Sinisterra y José M. Azpeitia. |
| 260 |
_aBarcelona : _bAymá, _c1964. |
||
| 300 |
_a137 p., 2 lám. ; _c19 cm. |
||
| 490 | 1 |
_aVoz imagen. Teatro ; _v3 |
|
| 700 | 1 |
_aAzpeitia, José Manuel. _9165968 |
|
| 700 | 1 |
_aSanchis Sinisterra, José. _9103020 |
|
| 700 | 1 |
_aColodrón, Antonio. _939784 |
|
| 830 | 1 | 0 |
_aVoz imagen. _pTeatro _v3 _9193124 |
| 852 |
_aES-MaACL _jP-295-Ter-2 |
||
| 999 |
_c188627 _d188627 |
||